000 00621nam a2200229Ia 4500
003 OSt
005 20221007070919.0
006 a|||||r|||| 00| 0
007 ta
008 221006b |||||||| |||| 00| 0 eng d
024 _a6,230
037 _cTextual
040 _aFLL
_cFLL
_beng
041 _2eng
_aeng
082 _aZ(Q7),91, L5
100 _aFaruki Kemal A. Au.
_9687928
245 0 _aIslamic jurisprudence
260 _aKaranchi
_bNational Book Foundation Pakistan
_c1975
300 _avii,337p
_ccm.
942 _hZ(Q7),91, L5
_cTEXL
_2CC
999 _c1141856
_d1141856